| 000 | 00836nam a2200229 a 4500 | ||
|---|---|---|---|
| 001 | BRCA_1323 | ||
| 005 | 20190320203357.0 | ||
| 008 | 000411s1999 mx-a---##b---f000-0#spa-# | ||
| 020 | _a9688106119 | ||
| 040 |
_aDLC _cDLC _dDLC |
||
| 050 | 4 |
_aF1219.73 _b.L46 1999 |
|
| 100 | 1 |
_aLeón-Portilla, Miguel _9504 |
|
| 245 | 1 | 0 |
_aFray Bernardino de Sahagún en Tlatelolco _cMiguel León-Portilla. |
| 260 |
_aMéxico _bSecretaría de Relaciones Exteriores _c1999 |
||
| 300 |
_a185 p. _bil. (algunas a color) _c31 cm. |
||
| 504 | _aBibliografía: p. 164-185 | ||
| 600 | 1 | 4 |
_aSahagún, Bernardino de _d1590 _xvida y obra _94333 |
| 610 | 2 | 4 |
_aColegio de la Santa Cruz (Tlatelolco, Ciudad de México) _xHistoria _94334 |
| 650 | 1 | 4 |
_aAztecas _vFuentes _xHistoria _zMéxico _94335 |
| 651 | 4 |
_aMéxico _xHistoria _yConquista, 1519-1540 _9442 |
|
| 942 |
_2lcc _cB |
||
| 999 |
_c1187 _d1187 |
||